| 000 | 00367nam a2200133Ia 4500 | ||
|---|---|---|---|
| 008 | 231129s1985||||xx |||||||||||||| ||spa|| | ||
| 020 | _a958-628-001-2 | ||
| 040 | _bspa | ||
| 082 | _a709.8 A786 | ||
| 245 | 0 | _aArte y Arquitectura Latinoamericana | |
| 260 | _c1985 | ||
| 264 | _aUniversidad Nacional de Colombia | ||
| 942 |
_2ddc _cBKS |
||
| 999 |
_c5644 _d5644 |
||